000 00868nmm a2200265 a 4500
001 ocm000668137
003 TR-IsHL
005 20201028125048.0
008 110704s2007 tu tur
007 cr cn
035 _a668137
_b(N$T)
050 0 4 _aPL248.C37
_bE95 2007
090 0 4 _aPL248.C37
_bE95 2007
245 1 0 _aEvliya Çelebi Seyahatnamesi'nden seçmeler
_h[electronic resource] /
_ced. Tuba Öztürk
250 _a3. bs.
260 _aİstanbul :
_bAkvaryum Yayınları,
_c2007
300 _a240 p.
650 4 _aDil ve Edebiyat
650 4 _aLanguage and Literature
650 0 _aEvliya Çelebi, 1611-1682
_x Seyahat
650 0 _aEvliya Çelebi, 1611-1682
_x Travel
650 7 _aTRAVEL / General
_2bisacsh
700 1 _aÖztürk, Tuba
856 4 0 _uhttp://search.ebscohost.com/login.aspx?direct=true&scope=site&db=e011xww&AN=668137
999 _c3284
_d3284